Statistiques concernant Ssc Napoli - Tous les joueurs de 2010 à 2024

Cliquez ici pour prendre le quiz!

Statistiques générales

  • Ce quiz a été pris 260 fois
    (10 depuis la dernière actualisation)
  • Le résultat moyen est 59 sur 134

Statistiques - réponses

SaisonsNationalitéJoueurNombres
De matchs
Poste% Correct
2013 - 2022BelgiqueDries
Mertens
397A
100%
2014 - 2022SénégalKalidou
Koulibaly
317D
100%
2016 - 2024PolognePiotr
Zielinski
364M
100%
2010 - 2013UruguayEdinson
Cavani
137A
89%
2010 - 2012ArgentineEzequiel
Lavezzi
84A
89%
2018 - 2022EspagneFabian
Ruiz
166M
89%
2013 - 2020EspagneJose
Callejon
349A
89%
2012 - 2022ItalieLorenzo
Insigne
433A
89%
2010 - 2019SlovaquieMarek
Hamsik
400M
89%
2017 -PortugalMario
Rui
227D
89%
2019 -ItalieMatteo
Politano
193A
89%
2012 - 2013ItalieRoberto
Insigne
1A
89%
2010 - 2011EspagneVictor
Ruiz
7D
89%
2018 - 2024ItalieAlex
Meret
176G
78%
2021 -CamerounAndré
Zambo Anguissa
115M
78%
2016 - 2020PologneArkadiusz
Milik
122A
78%
2018 - 2022ColombieDavid
Ospina
103G
78%
2019 - 2024Macédoine
Du Nord
Eljif
Elmas
191M
78%
2013 - 2022AlgérieFaouzi
Ghoulam
216D
78%
2019 -ItalieGiovanni
Di Lorenzo
230D
78%
2013 - 2016ArgentineGonzalo
Higuain
146A
78%
2019 - 2023MexiqueHirving
Lozano
155A
78%
2019 - 2022GrèceKostantinos
Manolas
75D
78%
2013 - 2014
2015 - 2018
EspagnePepe
Reina
182G
78%
2019 -SlovaquieStanislav
Lobotka
162M
78%
2020 -NigériaVictor
Osimhen
132A
78%
2017 - 2019
2021 - 2022
AlgérieAdam
Ounas
60A
67%
2015 - 2020BrésilAllan212M
67%
2019 - 2024AllemagneDiego
Demme
92M
67%
2015 - 2021AlbanieElseid
Hysaj
223D
67%
2022 -ItalieGiacomo
Raspadori
79A
67%
2022 -ArgentineGiovanni
Simeone
69A
67%
2011 - 2014Macédoine
Du Nord
Goran
Pandev
123A
67%
2023 - 2024Cote d'IvoireHamed Junior
Traoré
11M
67%
2023 -SuèdeJens
Cajuste
34M
67%
2021 -BrésilJuan
Jesus
77D
67%
2018 - 2022FranceKevin
Malcuit
48D
67%
2022 -GéorgieKvicha
Kvaratskhelia
77A
67%
2022 -UruguayMathias
Olivera
67D
67%
2022 - 2023Corée
Du Sud
Min Jae
Kim
45D
67%
2016 - 2019GuinéeAmadou
Diawara
74M
56%
2020 -KosovoAmir
Rrahmani
136D
56%
2013 - 2015ColombieDuvan
Zapata
53A
56%
2023 -DanemarkJesper
Lindstrom
29M
56%
2022 -NorvègeLeo
Ostigard
42D
56%
2016 - 2019CroatieMarko
Rog
67M
56%
2013 - 2019EspagneRaul
Albiol
236D
56%
2022 - 2023FranceTanguy
Ndombélé
40M
56%
2015 - 2019RoumanieVlad
Chiriches
48D
56%
2022 -ItalieAlessio
Zerbin
23A
44%
2023 -BelgiqueCyril
Ngonge
13A
44%
2014 - 2016EspagneDavid
Lopez
79M
44%
2019 - 2021EspagneFernando
Llorente
29A
44%
2011 - 2015SuisseGokhan
Inler
165M
44%
2013 - 2018ItalieJorginho160M
44%
2020 - 2021FranceTiemoué
Bakayoko
44M
44%
2021 -ItalieAlessandro
Zanoli
22D
33%
2020 - 2022ItalieAndrea
Petagna
68A
33%
2020 - 2022ItalieAntonio
Cioffi
2A
33%
2021 - 2022AngleterreAxel
Tuanzebe
2D
33%
2010 - 2018ItalieChristian
Maggio
242D
33%
2021 - 2023ItalieDavide
Marfella
1G
33%
2012 - 2013ChiliEduardo
Vargas
28A
33%
2010 - 2011ItalieFabio
Quagliarella
1A
33%
2022 - 2023AlgérieKarim
Zedadka
3D/M
33%
2023 - 2024BelgiqueLeander
Dendoncker
3M
33%
2016 - 2018ItalieLorenzo
Tonelli
9D
33%
2016 - 2018ItalieLuigi
Sepe
4G
33%
2010 - 2013ItalieMorgan
De Sanctis
135G
33%
2023 -BrésilNatan21D
33%
2016 - 2021SerbieNikola
Maksimovic
99D
33%
2010 - 2014ItaliePaolo
Cannavaro
123D
33%
2023 -ItaliePasquale
Mazzocchi
11D
33%
2013 - 2018BrésilRafael
Cabral
45G
33%
2014 - 2016
2018 - 2020
ItalieSebastiano
Luperto
29D
33%
2018 - 2019ItalieSimone
Verdi
24M
33%
2012 - 2013ItalieAlessandro
Gamberini
29D
22%
2018 - 2020AllemagneAmin
Younes
27M
22%
2010 - 2013ItalieAndrea
Dossena
98M
22%
2013 - 2014FranceAnthony
Réveillère
18D
22%
2011 - 2013ItalieAntonio
Rosati
12G
22%
2011 -2014SuisseBlerim
Dzemaili
109M
22%
2012 - 2014BrésilBruno
Uvini
2D
22%
2010 - 2016ColombieCamilo
Zuniga
137D
22%
2011 - 2012ArgentineChristian
Chavez
2A
22%
2010 - 2011BrésilCribari14D
22%
2010 - 2012ItalieCristiano
Lucarelli
14A
22%
2012 - 2014ItalieDavide
Bariti
3A
22%
2012 - 2013ItalieEmanuele
Calaio
8A
22%
2016 - 2018ItalieEmmanuele
Giaccherini
24M
22%
2010 - 2011ItalieFabiano
Santacroce
14D
22%
2011 - 2014ArgentineFederico
Fernandez
63D
22%
2015 - 2016BrésilGabriel4G
22%
2012 - 2015ItalieGiandomenico
Mesto
52D
22%
2019 - 2020
2021 -
ItalieGianluca
Gaetano
31M
22%
2010 - 2013ItalieGianluca
Grava
26D
22%
2011 - 2012ItalieGiuseppe
Mascara
25A
22%
2010 - 2011AlgérieHassan
Yebda
39M
22%
2013 - 2016BrésilHenrique38D
22%
2010 - 2013ArgentineHugo
Campagnaro
112D
22%
2011 - 2012ArgentineIgnacio
Fideleff
4D
22%
2013 - 2014PologneIgor
Lasicki
1D
22%
2014 - 2017CroatieIvan
Strinic
39D
22%
2014 - 2016Pays BasJonathan
De Guzman
36M
22%
2010 - 2011ArgentineJosé
Sosa
31M
22%
2013 - 2015CroatieJosip
Radosevic
10M
22%
2010 - 2011ItalieLuigi
Vitale
10D
22%
2014 - 2017ItalieManolo
Gabbiadini
79A
22%
2010 - 2011ItalieManuele
Blasi
5M
22%
2011 - 2013ItalieMarco
Donadel
14M
22%
2014 - 2015ArgentineMariano
Andujar
27G
22%
2011 - 2012ArgentineMario
Santana
11A
22%
2011 - 2012ItalieMassimiliano
Ammendola
1M
22%
2010 - 2011ItalieMichele
Pazienza
39M
22%
2014 - 2015EspagneMichu6A
22%
2011 - 2015UruguayMiguel
Britos
98D
22%
2015 - 2016ItalieMirko
Valdifiori
16M
22%
2015 - 2016AngleterreNathaniel
Chalobah
9M
22%
2010 - 2011ItalieNicolao
Dumitru
12A
22%
2012 - 2013
2015 - 2017
MarocOmar
El Kaddouri
43M
22%
2018 - 2020GrèceOrestis
Karnezis
9G
22%
2013 - 2014ColombiePablo
Armero
33D
22%
2022 -ItaliePierluigi
Gollini
4G
22%
2010 - 2011ItalieRaffaele
Maiello
4M
22%
2011 - 2015ItalieRoberto
Colombo
1G
22%
2012 - 2013PortugalRolando9D
22%
2010 - 2012ItalieSalvatore
Aronica
88D
22%
2013 - 2014EspagneToni
Doblas
2G
22%
2012 - 2014SuisseValon
Behrami
69M
22%
2015 - 2016ItalieVasco
Regini
1D
22%
2010 - 2012
2014 - 2015
UruguayWalter
Gargano
125M
22%
2022 - 2023PologneBartosz
Bereszynski
4D
11%
2010 - 2011ItalieGennaro
Iezzo
1G
11%
2016 - 2017ItalieLeonardo
Pavoletti
10A
11%

Distribution des résultats

Percentile par nombre de réponses

% des personnes avec chaque résultat

Votre développement - résultats

Vous n’avez pas pris ce quiz depuis la dernière actualisation